000 00334nam a2200133Ia 4500
008 191201s2011 xx 000 0 und d
082 _a658.3
_bVEP
100 _aVENKATARATNAM,CS
245 0 _aPersonnel Management and Human Resource Management
250 _aRep
260 _c2011
_bTMH
_aNEW DELHI
300 _a348
942 _2ddc
_cBK
999 _c7822
_d7822